000 00447nam a2200157 i 4500
001 39083
003 ES-MaACL
005 20230906155904.0
007 t|
008 030227s1958 xxu ||||1| eng d
100 1 _aCampbell, Donald P.
_934133
245 1 0 _aProcess dynamics /
_cDonald P. Campbell.
260 _aNew York, etc. :
_bJohn Wiley and Sons,
_c[1958]
300 _aXIX, 316 p. :
_bil. ;
_c24 cm.
852 _aES-MaACL
_jC-56365
_bR.89001
999 _c39083
_d39083